000 00463nam a22001577a 4500
005 20251108164700.0
008 250721s1985 xx 000 0 ara d
082 1 4 _a812/سلي
100 1 _aزنجير، سليم عبد القادر
245 1 0 _aمسرحيات إسلامية /
264 1 _aبيروت :
_bدار السلام للطباعة،
_c1985.
300 _a141ص
650 1 7 _aالمسرحيات العربية
942 _2ddc
_cBK
999 _c11723
_d11723